[Event "La Roda op 43rd"]
[Site "La Roda"]
[Date "2016.03.27"]
[Round "8"]
[White "Esplugas Esteve, Vicenc"]
[Black "Lopez Rivera, Jesus"]
[Result "1/2-1/2"]
[WhiteElo "2256"]
[BlackElo "2337"]
[PlyCount "108"]
[EventDate "2016.03.23"]
[EventType "swiss"]
[EventRounds "9"]
[EventCountry "ESP"]
[SourceTitle "CBM 171 Extra"]
[Source "ChessBase"]
[SourceDate "2016.04.26"]
[SourceVersion "1"]
[SourceVersionDate "2016.04.26"]
[SourceQuality "1"]

1. d4 Nf6 2. c4 g6 3. Nc3 Bg7 4. e4 d6 5. Nge2 0-0 6. Ng3 e5 7. d5 a5 8. Be2 Na6 9. h4 c6 10. h5 cxd5 11. cxd5 Bd7 12. Be3 Rc8 13. h6 Bh8 14. 0-0 Nc5 15. f4 exf4 16. Rxf4 Ne8 17. Qd2 Be5 18. Raf1 Bxf4 19. Rxf4 f6 20. Bd4 Qe7 21. Nd1 b6 22. Ne3 Rf7 23. b3 Rb8 24. Ng4 Bc8 25. Qc3 Bxg4 26. Bxg4 Qf8 27. Bxc5 bxc5 28. Be6 Qxh6 29. Rf3 Ra8 30. e5 dxe5 31. Ne4 Qh4 32. Qc4 Qe1+ 33. Kh2 Qb4 34. Nxf6+ Nxf6 35. Rxf6 Raf8 36. Bxf7+ Rxf7 37. Rc6 Rf4 38. Qxb4 cxb4 39. Rc5 Kg7 40. Rxa5 Rd4 41. Kg3 Kf6 42. Kf3 Kf5 43. Ra7 Rd3+ 44. Ke2 Rxd5 45. Rxh7 Ra5 46. Rb7 Rxa2+ 47. Kf3 Rc2 48. Rxb4 Rc3+ 49. Kf2 e4 50. Rb8 Rc2+ 51. Kg3 Rc3+ 52. Kf2 g5 53. b4 Rc2+ 54. Kg3 Rc3+ 1/2-1/2

[Event "La Roda op 43rd"]
[Site "La Roda"]
[Date "2016.03.27"]
[Round "9"]
[White "Lopez Rivera, Jesus"]
[Black "Garcia Trobat, Francisco"]
[Result "0-1"]
[WhiteElo "2337"]
[BlackElo "2232"]
[PlyCount "50"]
[EventDate "2016.03.23"]
[EventType "swiss"]
[EventRounds "9"]
[EventCountry "ESP"]
[SourceTitle "CBM 171 Extra"]
[Source "ChessBase"]
[SourceDate "2016.04.26"]
[SourceVersion "1"]
[SourceVersionDate "2016.04.26"]
[SourceQuality "1"]

1. e4 Nf6 2. e5 Nd5 3. d4 d6 4. Nf3 Bg4 5. Be2 e6 6. 0-0 Nc6 7. c4 Nb6 8. exd6 cxd6 9. d5 exd5 10. cxd5 Bxf3 11. Bxf3 Ne5 12. Be2 Be7 13. Nc3 0-0 14. a4 Rc8 15. Qb3 a5 16. Be3 Nec4 17. Bxb6 Nxb6 18. Rfe1 Nd7 19. Nb5 Nc5 20. Qg3 Bh4 21. Qh3 Bxf2+ 22. Kxf2 Ne4+ 23. Ke3 Qg5+ 24. Kxe4 Rfe8+ 25. Kd3 Qg6+ 0-1

[Event "Pontevedra op 4th"]
[Site "Pontevedra"]
[Date "2015.12.29"]
[Round "6"]
[White "Lopez Rivera, Jesus"]
[Black "Pazos Porta, Antonio"]
[Result "1-0"]
[WhiteElo "2163"]
[BlackElo "2350"]
[PlyCount "85"]
[EventDate "2015.12.26"]
[EventType "swiss"]
[EventRounds "9"]
[EventCountry "ESP"]
[SourceTitle "CBM 170 Extra"]
[Source "ChessBase"]
[SourceDate "2016.02.25"]
[SourceVersion "1"]
[SourceVersionDate "2016.02.25"]
[SourceQuality "1"]

1. e4 e6 2. d4 d5 3. Nc3 Nf6 4. Bg5 Bb4 5. e5 h6 6. Bh4 g5 7. Bg3 Ne4 8. Nge2 f5 9. f3 Nxg3 10. hxg3 Bd7 11. a3 Be7 12. g4 fxg4 13. fxg4 c5 14. Qd3 Qb6 15. dxc5 Qxc5 16. 0-0-0 Nc6 17. Ne4 dxe4 18. Qxd7+ Kf7 19. Nd4 Nxd4 20. Qxd4 Qxd4 21. Rxd4 e3 22. Rd7 Rad8 23. Rxb7 Rd2 24. Rh3 Rf2 25. Bd3 h5 26. Rxe3 hxg4 27. Re1 a5 28. b4 axb4 29. axb4 g3 30. Be4 Rh4 31. b5 Rff4 32. Bc6 Rc4 33. Re3 Rh1+ 34. Kb2 Rf1 35. c3 Rcf4 36. Rd3 R4f2+ 37. Kb3 Rb1+ 38. Kc4 Rf4+ 39. Rd4 Re1 40. b6 Rxe5 41. Rxf4+ gxf4 42. Rxe7+ Kxe7 43. b7 1-0

[Event "Pontevedra op 4th"]
[Site "Pontevedra"]
[Date "2015.12.27"]
[Round "3"]
[White "Hoffman, Alejandro"]
[Black "Lopez Rivera, Jesus"]
[Result "1-0"]
[WhiteElo "2476"]
[BlackElo "2163"]
[PlyCount "59"]
[EventDate "2015.12.26"]
[EventType "swiss"]
[EventRounds "9"]
[EventCountry "ESP"]
[SourceTitle "CBM 170 Extra"]
[Source "ChessBase"]
[SourceDate "2016.02.25"]
[SourceVersion "1"]
[SourceVersionDate "2016.02.25"]
[SourceQuality "1"]

1. d4 Nf6 2. c4 g6 3. Nc3 Bg7 4. e4 d6 5. Nf3 0-0 6. Be2 Nbd7 7. 0-0 e5 8. Be3 Re8 9. d5 Nh5 10. g3 Bf8 11. Ne1 Ng7 12. Ng2 Be7 13. b4 a5 14. a3 axb4 15. axb4 Rxa1 16. Qxa1 f5 17. f3 Nf6 18. Qa7 fxe4 19. fxe4 Rf8 20. c5 Qd7 21. Rc1 Qh3 22. c6 bxc6 23. Qxc7 Ng4 24. Bxg4 Qxg4 25. Qxe7 Qf3 26. Qa7 Bh3 27. Qa2 Bxg2 28. dxc6+ d5 29. Nxd5 Bh3 30. Qf2 1-0

[Event "ESP-ch 80th"]
[Site "Linares"]
[Date "2015.08.28"]
[Round "6"]
[White "Vega Gutierrez, Sabrina Neide"]
[Black "Lopez Rivera, Jesus"]
[Result "1-0"]
[WhiteElo "2381"]
[BlackElo "2191"]
[PlyCount "67"]
[EventDate "2015.08.23"]
[EventType "swiss"]
[EventRounds "9"]
[EventCountry "ESP"]
[SourceTitle "EXT 2016"]
[Source "ChessBase"]
[SourceDate "2015.10.08"]
[SourceVersion "1"]
[SourceVersionDate "2015.10.08"]
[SourceQuality "1"]

1. e4 c5 2. Nf3 d6 3. d4 cxd4 4. Qxd4 Nc6 5. Bb5 Bd7 6. Bxc6 Bxc6 7. Nc3 Nf6 8. Bg5 e6 9. 0-0-0 Be7 10. Qd3 0-0 11. Nd4 Rc8 12. f4 Qa5 13. f5 Rfe8 14. h4 h6 15. Kb1 Qe5 16. Rde1 Ng4 17. Bxe7 Rxe7 18. Rhf1 h5 19. fxe6 fxe6 20. Nf3 Qc5 21. e5 Bxf3 22. exd6 Rd7 23. gxf3 Rxd6 24. Qg6 Ne3 25. Rg1 Nf5 26. Ka1 Ra6 27. Rg5 Qc4 28. Reg1 Qd4 29. Rxh5 b5 30. Rd1 Qc4 31. Rd7 Rxa2+ 32. Nxa2 Qf1+ 33. Nc1 Qxc1+ 34. Ka2 1-0

[Event "ESP-ch 80th"]
[Site "Linares"]
[Date "2015.08.23"]
[Round "1"]
[White "Lopez Rivera, Jesus"]
[Black "Salgado Lopez, Ivan"]
[Result "0-1"]
[WhiteElo "2191"]
[BlackElo "2615"]
[PlyCount "102"]
[EventDate "2015.08.23"]
[EventType "swiss"]
[EventRounds "9"]
[EventCountry "ESP"]
[SourceTitle "EXT 2016"]
[Source "ChessBase"]
[SourceDate "2015.10.08"]
[SourceVersion "1"]
[SourceVersionDate "2015.10.08"]
[SourceQuality "1"]

1. e4 c6 2. d4 d5 3. e5 c5 4. dxc5 e6 5. Nf3 Bxc5 6. Bd3 Nc6 7. 0-0 Nge7 8. c3 Ng6 9. Qe2 a6 10. Be3 Be7 11. Bxg6 hxg6 12. b4 g5 13. h3 Qc7 14. Bd4 Bd7 15. Qe3 f6 16. Rc1 Rc8 17. Nbd2 Nxd4 18. Qxd4 b5 19. Nb3 Kf7 20. Rc2 Qb8 21. Re1 Rc4 22. Qd3 f5 23. Nbd4 g6 24. Qe3 Qd8 25. g4 Rh6 26. h4 Qh8 27. Kg2 gxh4 28. g5 Rh5 29. Kh3 Qa8 30. Nd2 Rxg5 31. Nxc4 dxc4 32. Nf3 Rg4 33. Rd2 Be8 34. Kh2 g5 35. Rg1 Rxg1 36. Kxg1 Kg6 37. Rd6 Qc8 38. Qa7 Bxd6 39. exd6 Qd8 40. d7 Bxd7 41. Ne5+ Kh5 42. Nxd7 Qe7 43. Qd4 g4 44. Qh8+ Kg5 45. Ne5 Qa7 46. Qd8+ Kf4 47. Ng6+ Ke4 48. Qd6 g3 49. Qf4+ Kd3 50. Ne5+ Kc2 51. Nc6 Qxf2+ 0-1

[Event "ESP-ch U16"]
[Site "Salobrena"]
[Date "2015.07.21"]
[Round "3"]
[White "Lopez Rivera, Jesus"]
[Black "Rodriguez Redondo, Ethan"]
[Result "1-0"]
[WhiteElo "2163"]
[BlackElo "1686"]
[PlyCount "61"]
[EventDate "2015.07.20"]
[EventType "swiss"]
[EventRounds "9"]
[EventCountry "ESP"]
[SourceTitle "EXT 2016"]
[Source "ChessBase"]
[SourceDate "2015.10.08"]
[SourceVersion "1"]
[SourceVersionDate "2015.10.08"]
[SourceQuality "1"]

1. e4 c5 2. Ne2 Nc6 3. Nbc3 e6 4. d4 cxd4 5. Nxd4 Qc7 6. Be3 Nf6 7. f4 Bb4 8. Ndb5 Qb8 9. a3 a6 10. axb4 axb5 11. Rxa8 Qxa8 12. Bc5 b6 13. Nxb5 Qb8 14. Bd6 Qb7 15. e5 Nd5 16. Qd2 f5 17. exf6 Nxf6 18. Bc4 Ne4 19. Qd3 Ne7 20. 0-0 Qc6 21. Nc7+ Kf7 22. Bxe7 Qxc7 23. Qxe4 Kxe7 24. f5 Bb7 25. Qh4+ Ke8 26. fxe6 dxe6 27. Bxe6 Qc6 28. Bf7+ Kd7 29. Qg4+ Ke7 30. Qxg7 Qc8 31. Qe5+ 1-0

[Event "ESP-ch U16"]
[Site "Salobrena"]
[Date "2015.07.20"]
[Round "1"]
[White "Lerendegui Lasa, Odei"]
[Black "Lopez Rivera, Jesus"]
[Result "1-0"]
[WhiteElo "1797"]
[BlackElo "2163"]
[PlyCount "142"]
[EventDate "2015.07.20"]
[EventType "swiss"]
[EventRounds "9"]
[EventCountry "ESP"]
[SourceTitle "EXT 2016"]
[Source "ChessBase"]
[SourceDate "2015.10.08"]
[SourceVersion "1"]
[SourceVersionDate "2015.10.08"]
[SourceQuality "1"]

1. e4 e6 2. Nc3 d5 3. Nf3 Nf6 4. e5 Nfd7 5. d4 c5 6. dxc5 Bxc5 7. Bd3 Nc6 8. Bf4 Qb6 9. 0-0 a6 10. Qe2 Nd4 11. Nxd4 Bxd4 12. Nd1 Nc5 13. c3 Nxd3 14. Qxd3 Bc5 15. Qg3 Bf8 16. Be3 Qc7 17. f4 g6 18. Nf2 h5 19. Nd3 Bd7 20. Rfd1 Bb5 21. Qf2 Rc8 22. Bb6 Qc6 23. Qe3 Be7 24. Nb4 Qd7 25. Nd3 Bc4 26. Bc5 Bxc5 27. Nxc5 Qb5 28. b4 a5 29. a3 b6 30. Nb7 Ke7 31. Nd6 Qc6 32. Nxc8+ Rxc8 33. bxa5 bxa5 34. Rab1 a4 35. Rb6 Qc7 36. f5 exf5 37. Qg5+ Kf8 38. Qf6 Kg8 39. Kh1 Qd8 40. Qxd8+ Rxd8 41. e6 fxe6 42. Rxe6 Kf7 43. Rde1 Rd7 44. Kg1 d4 45. Rc6 Bd5 46. Rc5 d3 47. Rd1 Bb3 48. Rd2 Bc2 49. c4 Rb7 50. Kf2 Rb6 51. Ke3 Ke6 52. Kd4 g5 53. Re5+ Kf6 54. Rb5 Re6 55. c5 Re4+ 56. Kc3 Ke6 57. c6 Rf4 58. Rb2 Bb3 59. Kxd3 Kd6 60. Rf2 Rxf2 61. Rxf2 f4 62. Ke4 Bd5+ 63. Kf5 g4 64. Kxf4 Bxc6 65. Kg5 Be8 66. Rf8 Bd7 67. Kxh5 Kc5 68. Rf4 Kd5 69. Kh4 Ke5 70. Rb4 Bc6 71. Rxg4 Kd5 1-0

[Event "Roquetas de Mar op 26th"]
[Site "Roquetas de Mar"]
[Date "2015.01.02"]
[Round "1"]
[White "Arribas Lopez, Angel"]
[Black "Lopez Rivera, Jesus"]
[Result "1-0"]
[WhiteElo "2537"]
[BlackElo "2095"]
[PlyCount "65"]
[EventDate "2015.01.02"]
[EventType "swiss"]
[EventRounds "9"]
[EventCountry "ESP"]
[SourceTitle "CBM 164 Extra"]
[Source "ChessBase"]
[SourceDate "2015.03.02"]
[SourceVersion "1"]
[SourceVersionDate "2015.03.02"]
[SourceQuality "1"]

1. e4 c5 2. Nc3 d6 3. Nge2 g6 4. d4 cxd4 5. Nxd4 Nf6 6. Be3 Bg7 7. f3 0-0 8. Bc4 Nc6 9. Qd2 Bd7 10. 0-0-0 Rc8 11. Bb3 Nxd4 12. Bxd4 b5 13. h4 a5 14. a4 b4 15. Nb5 Qe8 16. Qd3 Nh5 17. Bxg7 Kxg7 18. g4 Nf4 19. Qe3 Bxb5 20. axb5 e5 21. Ba4 Qe6 22. Kb1 Rfd8 23. h5 g5 24. Rd2 Rb8 25. Qa7 Qc8 26. Qe7 Ne6 27. Rxd6 Rxd6 28. Qxd6 Qc7 29. h6+ Kg6 30. Qc6 Qxc6 31. bxc6 Nd4 32. Rd1 f6 33. Rd3 1-0

[Event "Benidorm op U2300 13th"]
[Site "Benidorm"]
[Date "2014.12.04"]
[Round "7"]
[White "Jackson, Oliver A"]
[Black "Lopez Rivera, Jesus"]
[Result "1-0"]
[WhiteElo "2146"]
[BlackElo "2027"]
[PlyCount "67"]
[EventDate "2014.11.28"]
[EventType "swiss"]
[EventRounds "10"]
[EventCountry "ESP"]
[SourceTitle "CBM 163 Extra"]
[Source "ChessBase"]
[SourceDate "2014.12.23"]
[SourceVersion "1"]
[SourceVersionDate "2014.12.23"]
[SourceQuality "1"]

1. e4 e6 2. d4 d5 3. Nc3 Bb4 4. e5 c5 5. a3 Bxc3+ 6. bxc3 Qc7 7. Nf3 b6 8. a4 Ba6 9. Bxa6 Nxa6 10. 0-0 Ne7 11. Re1 Rc8 12. Ba3 0-0 13. Ng5 Nb8 14. Qd3 Ng6 15. Re3 Qe7 16. Rg3 h6 17. Nh3 Rfe8 18. f4 Qd7 19. a5 cxd4 20. cxd4 Qa4 21. axb6 axb6 22. c3 Rc4 23. Qb1 Qc6 24. Bb4 Nh4 25. Rd3 h5 26. Ng5 Nf5 27. Qd1 g6 28. g4 hxg4 29. Qxg4 Kg7 30. Rh3 Nh6 31. Qh4 Rh8 32. Nxf7 Nxf7 33. Qf6+ Kg8 34. Qxg6# 1-0

[Event "Benidorm op U2300 13th"]
[Site "Benidorm"]
[Date "2014.12.02"]
[Round "5"]
[White "Lacrosse, Marc"]
[Black "Lopez Rivera, Jesus"]
[Result "1/2-1/2"]
[WhiteElo "2177"]
[BlackElo "2027"]
[PlyCount "61"]
[EventDate "2014.11.28"]
[EventType "swiss"]
[EventRounds "10"]
[EventCountry "ESP"]
[SourceTitle "CBM 163 Extra"]
[Source "ChessBase"]
[SourceDate "2014.12.23"]
[SourceVersion "1"]
[SourceVersionDate "2014.12.23"]
[SourceQuality "1"]

1. d4 d6 2. Nf3 g6 3. c4 Bg7 4. e4 e5 5. Be3 Nc6 6. Be2 f5 7. exf5 Bxf5 8. Nc3 exd4 9. Nxd4 Nxd4 10. Bxd4 Bxd4 11. Qxd4 Qf6 12. Qd2 0-0-0 13. 0-0 Ne7 14. Bf3 g5 15. Rfe1 g4 16. Be4 Bd7 17. Re2 Bc6 18. Rae1 Ng6 19. Nd5 Qh4 20. b4 Bxd5 21. Qxd5 c6 22. Qf5+ Kb8 23. g3 Qh6 24. c5 Rhf8 25. Qe6 d5 26. Bxg6 Qxg6 27. Qxg6 hxg6 28. Re7 d4 29. Rg7 d3 30. Ree7 d2 31. Rxb7+ 1/2-1/2

[Event "Extremadura-ch"]
[Site "Badajoz"]
[Date "2013.06.08"]
[Round "2"]
[White "Figuero Toro, Julian Francisco"]
[Black "Lopez Rivera, Jesus"]
[Result "1-0"]
[WhiteElo "2217"]
[BlackElo "1925"]
[PlyCount "51"]
[EventDate "2013.06.08"]
[EventType "swiss"]
[EventRounds "7"]
[EventCountry "ESP"]
[SourceTitle "EXT 2014"]
[Source "ChessBase"]
[SourceDate "2013.11.20"]
[SourceVersion "1"]
[SourceVersionDate "2013.11.20"]
[SourceQuality "1"]

1. g3 g6 2. Bg2 Bg7 3. e4 c5 4. d3 Nc6 5. Nc3 d6 6. Be3 Nf6 7. h3 0-0 8. Qd2 Rb8 9. Bh6 b5 10. Bxg7 Kxg7 11. f4 Bd7 12. Nge2 b4 13. Nd1 Nd4 14. 0-0 Qb6 15. Kh2 Ba4 16. Ne3 Qa6 17. g4 Bc6 18. Ng3 Nd7 19. f5 Ne5 20. c3 bxc3 21. bxc3 Nxd3 22. f6+ exf6 23. cxd4 cxd4 24. Nef5+ Kh8 25. Qh6 Rg8 26. Nh5 1-0

[Event "ESP-ch 77th"]
[Site "San Agustin"]
[Date "2012.10.07"]
[Round "9"]
[White "Ruiz Macias, Anabel"]
[Black "Lopez Rivera, Jesus"]
[Result "0-1"]
[WhiteElo "1455"]
[BlackElo "1839"]
[PlyCount "82"]
[EventDate "2012.09.29"]
[EventType "swiss"]
[EventRounds "9"]
[EventCountry "ESP"]
[SourceTitle "EXT 2014"]
[Source "ChessBase"]
[SourceDate "2013.11.20"]
[SourceVersion "1"]
[SourceVersionDate "2013.11.20"]
[SourceQuality "1"]

1. e4 c5 2. Nf3 d6 3. d4 cxd4 4. Nxd4 Nf6 5. Nc3 g6 6. Be3 Bg7 7. f3 0-0 8. Bd3 Nc6 9. Qd2 d5 10. 0-0-0 e5 11. Nxc6 bxc6 12. exd5 cxd5 13. Bc4 d4 14. Ne2 Qc7 15. Bb3 dxe3 16. Qxe3 Ba6 17. Kb1 Bc4 18. g4 Bxb3 19. axb3 Qb6 20. Qxb6 axb6 21. c3 Rfd8 22. Kc2 Nd5 23. Rd3 Bh6 24. Kb1 Ne3 25. Rxd8+ Rxd8 26. h4 Bf4 27. Nxf4 exf4 28. Kc1 h6 29. Kb1 Kf8 30. Ka2 b5 31. Rh2 Ra8+ 32. Kb1 Ke7 33. Re2 Rd8 34. Ka2 Kd6 35. Rd2+ Kc7 36. Rxd8 Kxd8 37. Ka3 Nc2+ 38. Ka2 Ne1 39. Ka3 Kc7 40. c4 Nc2+ 41. Ka2 b4 0-1

[Event "ESP-ch U14"]
[Site "Salobrena"]
[Date "2012.07.14"]
[Round "9"]
[White "Balbuena Fuentes, Mario"]
[Black "Lopez Rivera, Jesus"]
[Result "1/2-1/2"]
[WhiteElo "1899"]
[BlackElo "1800"]
[PlyCount "87"]
[EventDate "2012.07.09"]
[EventType "swiss"]
[EventRounds "9"]
[EventCountry "ESP"]
[SourceTitle "EXT 2014"]
[Source "ChessBase"]
[SourceDate "2013.11.20"]
[SourceVersion "1"]
[SourceVersionDate "2013.11.20"]
[SourceQuality "1"]

1. e4 c5 2. Nf3 d6 3. d4 cxd4 4. Nxd4 Nf6 5. Nc3 g6 6. Be3 Bg7 7. f3 0-0 8. Qd2 Nc6 9. 0-0-0 d5 10. exd5 Nxd5 11. Nxc6 bxc6 12. Bd4 Nxc3 13. Qxc3 Bh6+ 14. Be3 Bxe3+ 15. Qxe3 Qb6 16. Qxe7 Be6 17. Qa3 Rad8 18. Bd3 Rd5 19. b3 Rfd8 20. Rhe1 a5 21. Qe7 Qd4 22. Kb1 Qc3 23. Re4 c5 24. Rc4 Qe5 25. Rxc5 Qxh2 26. Rxd5 Rxd5 27. Re1 Rh5 28. g4 Qd2 29. Qd8+ Kg7 30. Qd4+ Kh6 31. Rg1 Rd5 32. Qf6 Qh2 33. Re1 a4 34. f4 Bxg4 35. Be4 axb3 36. axb3 Rd1+ 37. Rxd1 Bxd1 38. Qxf7 Qg1 39. Ka2 Qf2 40. Qf8+ Kh5 41. Qf6 Kh6 42. Bxg6 Qa7+ 43. Kb2 hxg6 44. f5 1/2-1/2

[Event "ESP-ch U14"]
[Site "Salobrena"]
[Date "2012.07.11"]
[Round "4"]
[White "Lopez Rivera, Jesus"]
[Black "Bas Mas, Miguel"]
[Result "0-1"]
[WhiteElo "1800"]
[BlackElo "1927"]
[PlyCount "90"]
[EventDate "2012.07.09"]
[EventType "swiss"]
[EventRounds "9"]
[EventCountry "ESP"]
[SourceTitle "EXT 2014"]
[Source "ChessBase"]
[SourceDate "2013.11.20"]
[SourceVersion "1"]
[SourceVersionDate "2013.11.20"]
[SourceQuality "1"]

1. e4 c5 2. Nf3 e6 3. d4 cxd4 4. Nxd4 a6 5. Bd3 Nf6 6. c4 Nc6 7. Nxc6 dxc6 8. 0-0 e5 9. h3 Bc5 10. Qc2 0-0 11. Bd2 Nh5 12. Be3 Bxe3 13. fxe3 Bxh3 14. gxh3 Qg5+ 15. Kf2 Qh4+ 16. Kf3 Qxh3+ 17. Kf2 Qh4+ 18. Kf3 f5 19. exf5 Qh3+ 20. Kf2 Ng3 21. Nd2 e4 22. Bxe4 Qh2+ 23. Kf3 Nxe4 24. Qxe4 Qxd2 25. Qe6+ Kh8 26. Rf2 Qd3 27. Rh2 Qxf5+ 28. Qxf5 Rxf5+ 29. Ke2 Re8 30. Rd1 Rfe5 31. Rh3 h6 32. Rd7 R5e7 33. Rxe7 Rxe7 34. Rh4 Kh7 35. Rd4 h5 36. Kd3 Kh6 37. c5 Kg5 38. b4 h4 39. Rd8 Kg4 40. e4 h3 41. Ke3 Kg3 42. Rh8 g5 43. Rh5 g4 44. e5 h2 45. a4 Rxe5+ 0-1

[Event "ESP-ch U14"]
[Site "Padron"]
[Date "2011.07.12"]
[Round "1"]
[White "Nicolas Zapata, Irene"]
[Black "Lopez Rivera, Jesus"]
[Result "1-0"]
[WhiteElo "2117"]
[BlackElo "1671"]
[PlyCount "117"]
[EventDate "2011.07.12"]
[EventType "swiss"]
[EventRounds "9"]
[EventCountry "ESP"]
[SourceTitle "CBM 143 Extra"]
[Source "ChessBase"]
[SourceDate "2011.08.29"]
[SourceVersion "1"]
[SourceVersionDate "2011.08.29"]
[SourceQuality "1"]

1. d4 Nf6 2. Nf3 g6 3. g3 Bg7 4. Bg2 0-0 5. 0-0 d6 6. c4 Nbd7 7. Nc3 e5 8. dxe5 dxe5 9. Qc2 c6 10. Rd1 Qa5 11. a3 Qc5 12. Nd2 Nb6 13. b4 Qe7 14. c5 Nbd5 15. Nxd5 Nxd5 16. e4 Nc7 17. Bb2 Bg4 18. f3 Be6 19. Bf1 h5 20. Nc4 Bxc4 21. Bxc4 Rad8 22. Rxd8 Rxd8 23. Rd1 Kf8 24. Kf2 Ke8 25. Ke2 Ne6 26. Rxd8+ Kxd8 27. Qd3+ Kc7 28. Qb3 Kd7 29. Qa4 a6 30. Qa5 Kc8 31. Qb6 Nd8 32. Qa7 Qc7 33. a4 Qb8 34. Qxb8+ Kxb8 35. f4 f6 36. Kf3 Kc7 37. fxe5 fxe5 38. g4 Kd7 39. gxh5 gxh5 40. Kg3 Bf6 41. Be2 h4+ 42. Kg4 Ke7 43. Bc4 Ne6 44. Bxe6 Kxe6 45. Bc3 Be7 46. a5 h3 47. Kxh3 Bg5 48. Kg4 Bf4 49. h4 Kf6 50. Be1 Be3 51. h5 Ke6 52. Bh4 Bd2 53. Bg5 Bxb4 54. h6 Kf7 55. Kf5 Bxc5 56. Bf6 Bf8 57. h7 Bg7 58. h8Q Bxh8 59. Bxh8 1-0